Animali con la "A" - Statistics

Statistiche generali
  • Questo quiz è stato fatto 432 volte
  • Il punteggio medio è 9 su 15
Statistiche sulle risposte
suggerimento risposta % Corretto
Detta anche papera. Anatra
98%
insetto impollinatore che se punge muore. Ape
98%
Detto anche somaro simile ad un cavallo. Asino
98%
Volatile della famiglia dei rapaci. Aquila
94%
Simile al coccodrillo. Alligatore
88%
Animale che sputa, ma non il lama Alpaca
75%
Mammifero proveniente dalle Americhe dotato di una robusta corazza che gli serve per per proteggersi dai predatori. Armadillo
70%
Nota per la sua potenzialità di cagionare forti campi elettrici. Anguilla elettrica
62%
Crostaceo appartenente all’ordine Decapoda, diffuso in tutto il Mediterraneo Aragosta
60%
Mammifero snello e agile che riesce raggiungere gli 80 Km/h Antilope
57%
Uccello rapace notturno che somiglia al gufo Allocco
34%
Il suo nome scientifico è Ambystoma mexicanum. Axolotl
11%
Elenca un gatto che inizia per "A". Abissino/American curl/Angora turco/American wirehair/American shorthair
9%
Elenca un cane che inizia per "A". Aski/Akita Inu/Alopekis/Alaskan klee kai/Aidi
8%
Ha un corpo allungato a forma cilindrica e ha piccole pinne. Acciuga
7%
Nessun quiz corrispondente trovato
Distribuzione punteggi
Percentuale di utenti per punteggio
Percentile per numero di risposta
I tuoi punteggi nel tempo
Non hai fatto questo quiz